00334nam a2200145 450000500170000000800070001702000150002405000190003910000170005824500490007525000090012426000290013330000160016250000100017820260216150420.0cuc123 a186152966X aHF 5549 PRIb1 aPRICE, Allan aHuman resource managemnt in business context a2nd  aAUSTRALIAbTHOMSONc2004 axviii, 743p aindex